000 00588nam a2200229 a 4500
005 20210219153431.0
008 991125n 000 0 u
035 _aUPN01000099122
100 _aSherry, Mark
222 _aPHI DELTA KAPPAN
245 _aSearching for new american schools
300 _a299-302
362 _a74, No. 4, 1992
505 _aMayo 1993
653 0 _aCAMBIO EDUCATIVO
653 0 _aCRITERIOS DE EVALUACION
653 0 _aDISE\197O DE PROGRAMAS
653 0 _aINFLUENCIAS POLITICAS
653 0 _aNORMAS
904 _aAC
_b036933
905 _aArticulo
999 _c76684
_d76684